00524 2200181 4500001002100000005001500021035002000036008004100056245010200097100001800199260003200217300001200249084001700261082000800278650001600286020002200302990001800324INLIS00000000000035620240813102859 a0010-0724000356240813 0 ind 1 aEnsiklomini Ya, Aku Tahu Benda Benda Disekitar Kita :bBenda-Benda disekitar Kita /cUlfah Haldha aHaldha, Ulfah aKlaten :bCV Sahabat,c2008 a70 hlm. a0069 ULF e.3 a006 4aEnsiklopedi a978-979-029-095-0 aP29/CP/24/356